Religion, Gender and Sexuality in Everyday Life edited by Peter Nynäs and Andrew Kam-Tuck Yip (eds.), Ashgate, 2012 (ISBN 978-1-4094-4583-8), 173 pp., pb. £45
| Main Author: | |
|---|---|
| Format: | Electronic Review |
| Language: | English |
| Check availability: | HBZ Gateway |
| Interlibrary Loan: | Interlibrary Loan for the Fachinformationsdienste (Specialized Information Services in Germany) |
| Published: |
2014
|
| In: |
Reviews in religion and theology
Year: 2014, Volume: 21, Issue: 2, Pages: 251-254 |
| Review of: | Religion, gender, and sexuality in everyday life (London : Routledge, 2012) (Greenough, Chris)
Religion, gender, and sexuality in everyday life (Farnham [u.a.] : Ashgate, 2012) (Greenough, Chris) |
| Further subjects: | B
Book review
|
| Online Access: |
Volltext (lizenzpflichtig) Volltext (lizenzpflichtig) |
MARC
| LEADER | 00000naa a22000002c 4500 | ||
|---|---|---|---|
| 001 | 1804174645 | ||
| 003 | DE-627 | ||
| 005 | 20220524220204.0 | ||
| 007 | cr uuu---uuuuu | ||
| 008 | 220524s2014 xx |||||oo 00| ||eng c | ||
| 024 | 7 | |a 10.1111/rirt.12334 |2 doi | |
| 035 | |a (DE-627)1804174645 | ||
| 035 | |a (DE-599)KXP1804174645 | ||
| 040 | |a DE-627 |b ger |c DE-627 |e rda | ||
| 041 | |a eng | ||
| 084 | |a 0 |a 1 |2 ssgn | ||
| 100 | 1 | |e VerfasserIn |0 (DE-588)1201746116 |0 (DE-627)1685900941 |4 aut |a Greenough, Chris |d 1979- | |
| 109 | |a Greenough, Chris 1979- | ||
| 245 | 1 | 0 | |a Religion, Gender and Sexuality in Everyday Life edited by Peter Nynäs and Andrew Kam-Tuck Yip (eds.), Ashgate, 2012 (ISBN 978-1-4094-4583-8), 173 pp., pb. £45 |
| 264 | 1 | |c 2014 | |
| 336 | |a Text |b txt |2 rdacontent | ||
| 337 | |a Computermedien |b c |2 rdamedia | ||
| 338 | |a Online-Ressource |b cr |2 rdacarrier | ||
| 601 | |a Religion | ||
| 655 | 7 | |a Rezension |0 (DE-588)4049712-4 |0 (DE-627)106186019 |0 (DE-576)209083166 |2 gnd-content | |
| 773 | 0 | 8 | |i Enthalten in |t Reviews in religion and theology |d Oxford [u.a.] : Wiley-Blackwell, 1994 |g 21(2014), 2, Seite 251-254 |h Online-Ressource |w (DE-627)324655193 |w (DE-600)2029262-4 |w (DE-576)097934925 |x 1467-9418 |7 nnas |
| 773 | 1 | 8 | |g volume:21 |g year:2014 |g number:2 |g pages:251-254 |
| 787 | 0 | 8 | |i Rezension von |t Religion, gender, and sexuality in everyday life |d London : Routledge, 2012 |h 1 Online-Ressource (XII, 173 Seiten) |w (DE-627)1657495809 |w (DE-576)496538071 |z 9781283705806 |z 9781315605029 |z 1315605023 |
| 787 | 0 | 8 | |i Rezension von |t Religion, gender, and sexuality in everyday life |d Farnham [u.a.] : Ashgate, 2012 |h XII, 173 S. |w (DE-627)717934071 |w (DE-576)379580446 |z 9781409445838 |
| 856 | 4 | 0 | |u https://doi.org/10.1111/rirt.12334 |x Resolving-System |z lizenzpflichtig |3 Volltext |7 1 |
| 856 | 4 | 0 | |u https://onlinelibrary.wiley.com/doi/abs/10.1111/rirt.12334 |x Verlag |z lizenzpflichtig |3 Volltext |7 1 |
| 935 | |a mteo | ||
| 951 | |a AR | ||
| ELC | |a 1 | ||
| ITA | |a 1 |t 1 | ||
| LOK | |0 000 xxxxxcx a22 zn 4500 | ||
| LOK | |0 001 4139136006 | ||
| LOK | |0 003 DE-627 | ||
| LOK | |0 004 1804174645 | ||
| LOK | |0 005 20220524052726 | ||
| LOK | |0 008 220524||||||||||||||||ger||||||| | ||
| LOK | |0 035 |a (DE-Tue135)IxTheo#2022-05-09#A7F61DFD6AD62B21B2631735A3CC87C2581204A5 | ||
| LOK | |0 040 |a DE-Tue135 |c DE-627 |d DE-Tue135 | ||
| LOK | |0 092 |o n | ||
| LOK | |0 852 |a DE-Tue135 | ||
| LOK | |0 852 1 |9 00 | ||
| LOK | |0 935 |a ixzs |a ixrk |a zota | ||
| LOK | |0 939 |a 24-05-22 |b l01 | ||
| ORI | |a SA-MARC-ixtheoa001.raw | ||
| REL | |a 1 | ||
| SUB | |a REL | ||



